| 000 | 01348cam a2200301 4500 | ||
|---|---|---|---|
| 001 | ABS63297 | ||
| 008 | 000000n2000 000 0 eng u | ||
| 035 | _a(Sirsi) u110230 | ||
| 100 | _aCummins, C. | ||
| 245 | 4 | _aThe Human Rights Act and statutory adjudication: a conflict? | |
| 260 | _c2000 | ||
| 490 |
_aCMS Cameron McKenna Construction Law Bulletin _vWinter 2000, 3-5(3) |
||
| 520 | _aLooks at how the Human Rights Act will affect the construction industry and possible conflict with statutory adjudication. Refers to recent case law where statutory adjuciation has been enforced. | ||
| 590 | _aABS | ||
| 650 | _aHUMAN RIGHTS ACT 1998 | ||
| 650 | _aSTATUTORY ADJUDICATION | ||
| 650 | _aCONVENTION FOR THE PROTECTION OF HUMAN RIGHTS AND FUNDAMENTAL FREEDOMS | ||
| 650 | _aFAIR HEARING | ||
| 650 | _aMACOB CIVIL ENGINEERING LTD V MORRISON CONSTRUCTION LTD | ||
| 650 | _aHOW ENGINEERING V LINDNER | ||
| 650 | _aBOUYGUES UK LTD V DAHL-JENSEN UK LTD | ||
| 650 | _aDISCAIN PROJECT SERVICES LTD V OPECPRIME DEVELOPMENT LTD | ||
| 650 | _aNATURAL JUSTICE | ||
| 650 | _aMANAGEMENT-DISPUTE AVOIDANCE, MANAGEMENT AND RESOLUTION-DISPUTE MANAGEMENT AND RESOLUTION-ALTERNATIVE DISPUTE RESOLUTION-ADJUDICATION | ||
| 650 | _aHOUSING GRANTS CONSTRUCTION AND REGENERATION ACT 1996 | ||
| 690 |
_aDispute resolution _96236 |
||
| 942 | _n0 | ||
| 999 |
_c65735 _d65735 |
||